<?xml version="1.0" encoding="UTF-8"?>
<record
    xmlns:xsi="http://www.w3.org/2001/XMLSchema-instance"
    xsi:schemaLocation="http://www.loc.gov/MARC21/slim http://www.loc.gov/standards/marcxml/schema/MARC21slim.xsd"
    xmlns="http://www.loc.gov/MARC21/slim">

  <leader>01388nam a22002417a 4500</leader>
  <controlfield tag="003">OSt</controlfield>
  <controlfield tag="005">20240506172046.0</controlfield>
  <controlfield tag="008">240506b           ||||| |||| 00| 0 spa d</controlfield>
  <datafield tag="020" ind1=" " ind2=" ">
    <subfield code="a">9789586657921</subfield>
  </datafield>
  <datafield tag="040" ind1=" " ind2=" ">
    <subfield code="c">CO-Mq BPB</subfield>
  </datafield>
  <datafield tag="041" ind1=" " ind2=" ">
    <subfield code="a">spa</subfield>
  </datafield>
  <datafield tag="082" ind1=" " ind2=" ">
    <subfield code="a">AN</subfield>
    <subfield code="b">CONd</subfield>
  </datafield>
  <datafield tag="100" ind1=" " ind2=" ">
    <subfield code="a">Conde, Maryse</subfield>
    <subfield code="e">autor</subfield>
  </datafield>
  <datafield tag="245" ind1=" " ind2=" ">
    <subfield code="a">La deseada</subfield>
  </datafield>
  <datafield tag="264" ind1=" " ind2=" ">
    <subfield code="a">Bogot&#xE1;:</subfield>
    <subfield code="b">Siglo del Hombre Editores</subfield>
    <subfield code="c">2023</subfield>
  </datafield>
  <datafield tag="300" ind1=" " ind2=" ">
    <subfield code="a">314 p&#xE1;ginas </subfield>
    <subfield code="b">tapa rustica</subfield>
    <subfield code="c">20 cm</subfield>
  </datafield>
  <datafield tag="521" ind1=" " ind2=" ">
    <subfield code="a">La Deseada es una exploraci&#xF3;n valiente y desprejuiciada de los or&#xED;genes m&#xE1;s all&#xE1; de las confidencias familiares, las medias verdades, la libertad y el amor, ganadora del prestigioso Prix Carbet de la Cara&#xEF;be en 1997. Un relato poderoso de Maryse Cond&#xE9;, Premio Nobel Alternativo 2018 y un referente excepcional de la literatura contempor&#xE1;nea en lengua francesa. &#xBF;Qu&#xE9; sucede cuando se ha de crecer en medio del dolor y la falta de identidad? &#xBF;C&#xF3;mo se puede vivir en el misterio y la inquietud de no tener una historia que contar? En La Deseada Maryse Cond&#xE9; responde a estas preguntas a trav&#xE9;s del relato de tres generaciones de mujeres isle&#xF1;as unidas por la fuerza de la sangre, los abusos y la violencia.</subfield>
  </datafield>
  <datafield tag="521" ind1=" " ind2=" ">
    <subfield code="a">Recomendado para p&#xFA;blico juvenil y adulto</subfield>
  </datafield>
  <datafield tag="650" ind1=" " ind2=" ">
    <subfield code="a">Novela francesa</subfield>
    <subfield code="y">Siglo XX</subfield>
  </datafield>
  <datafield tag="650" ind1=" " ind2=" ">
    <subfield code="a">Mujeres</subfield>
    <subfield code="x">Condiciones sociales</subfield>
  </datafield>
  <datafield tag="700" ind1=" " ind2=" ">
    <subfield code="a">Alonso, Martha Asunci&#xF3;n</subfield>
    <subfield code="e">traductora</subfield>
  </datafield>
  <datafield tag="942" ind1=" " ind2=" ">
    <subfield code="2">ddc</subfield>
    <subfield code="c">BKLIT</subfield>
  </datafield>
  <datafield tag="999" ind1=" " ind2=" ">
    <subfield code="c">15503</subfield>
    <subfield code="d">15503</subfield>
  </datafield>
  <datafield tag="952" ind1=" " ind2=" ">
    <subfield code="0">0</subfield>
    <subfield code="1">0</subfield>
    <subfield code="2">ddc</subfield>
    <subfield code="4">0</subfield>
    <subfield code="7">0</subfield>
    <subfield code="8">LA</subfield>
    <subfield code="a">BPMOS</subfield>
    <subfield code="b">BPMOS</subfield>
    <subfield code="c">FIC</subfield>
    <subfield code="d">2024-05-06</subfield>
    <subfield code="e">Dotaci&#xF3;n PNL 2023</subfield>
    <subfield code="i">NT</subfield>
    <subfield code="l">2</subfield>
    <subfield code="o">AN CONd</subfield>
    <subfield code="p">MOS503668</subfield>
    <subfield code="r">2025-08-12</subfield>
    <subfield code="s">2025-05-31</subfield>
    <subfield code="t">Ej.1</subfield>
    <subfield code="w">2024-05-06</subfield>
    <subfield code="y">BKLIT</subfield>
    <subfield code="z">Quince dias</subfield>
  </datafield>
</record>
